| 000 | 00522nam a2200157 i 4500 | ||
|---|---|---|---|
| 001 | 38141 | ||
| 003 | ES-MaACL | ||
| 007 | t| | ||
| 008 | 030224s1859 sp ||||1| spa d | ||
| 100 | 1 |
_aCabello y Madurga, Pedro. _933184 |
|
| 245 | 1 | 0 |
_aMemoria leída en la Escuela Normal Central de primera enseñanza ... / _cpor Pedro Cabello y Madurga. |
| 260 |
_aMadrid : _b[s.n.], _c1859 ( _fVda de Vazquez e hijos) |
||
| 300 |
_a19 p. ; _c20 cm. |
||
| 710 | 2 |
_aEscuela Normal Central (Madrid) _93581 |
|
| 852 |
_aES-MaACL _jT-339-F-1 |
||
| 999 |
_c38141 _d38141 |
||